Tea Producing Countries Quiz Stats

 Plays Quiz Updated Jan 4, 2019

Challenge
Share
Tweet
Embed
Score 0/30 Timer 06:00
1 Play Today
Rank Country % Correct
1.China
98.7%
2.India
97%
10.Japan
87.1%
26.Brazil
81.1%
6.Vietnam
79.6%
8.Indonesia
78.3%
11.Thailand
77.9%
9.Argentina
69.5%
29.South Korea
68.6%
18.Malaysia
66.1%
12.Bangladesh
65%
4.Sri Lanka
64.7%
7.Iran
64.3%
20.Nepal
62.1%
16.Myanmar
62.1%
Rank Country % Correct
27.Peru
59.9%
3.Kenya
58.7%
5.Turkey
57.5%
23.Ethiopia
47.4%
15.Tanzania
46.8%
14.Uganda
42.6%
30.Ecuador
40.9%
19.Zimbabwe
38.4%
21.Mozambique
38.3%
17.Rwanda
37.5%
24.Papua New Guinea
29.8%
13.Malawi
29.5%
25.Cameroon
28.6%
22.Burundi
28.4%
28.Georgia
18.8%

You're not logged in!

Compare scores with friends on all Sporcle quizzes.
OR
Log In

You Might Also Like...

Show Comments

Extras

Top Quizzes Today


Score Distribution

Your Account Isn't Verified!

In order to create a playlist on Sporcle, you need to verify the email address you used during registration. Go to your Sporcle Settings to finish the process.

Report this User

Report this user for behavior that violates our Community Guidelines.

Details: